Vista normal
Vista MARC
Entrada Término temático
Número de registros utilizados en: 2
001 - NÚMERO DE CONTROL
- campo de control: 87237
003 - IDENTIFICADOR DEL NÚMERO DE CONTROL
- campo de control: DO-SdBNP
005 - FECHA Y HORA DE LA ÚLTIMA TRANSACCIÓN
- campo de control: 20250318151334.0
008 - DATOS DE LONGITUD FIJA
- campo de control de longitud fija: 250318|| aca||aabn | a|a d
040 ## - FUENTE DE LA CATALOGACIÓN
- Centro catalogador/agencia de origen: DO-SdBNP
- Centro/agencia transcriptor: DO-SdBNP
150 ## - ENCABEZAMIENTO--TÉRMINO DE MATERIA
- Término de materia o nombre geográfico como elemento de entrada: Redacción de propuestas en ciencias sociales
670 ## - FUENTE DE DATOS ENCONTRADOS
- Cita de la fuente: Work cat.: (DO-SdBNP)58467: Instituto Latinoamericano de Planificación Económica y Social autor 87236, Guía para la presentación de proyectos /
